Villes de France par plan #1 - Statistiques

Statistiques générales
  • Ce quiz a été pris 87 fois
  • Le résultat moyen est 8 sur 10
Statistiques - réponses
Par images Hint Réponse % Correct
P Paris
100%
T Toulouse
97%
M Marseille
96%
L Lyon
95%
L Lille
92%
G Grenoble
82%
N Nantes
81%
L La Rochelle
51%
B Besançon
46%
C Carcassonne
38%
Aucun quiz correspondant
Distribution des résultats
% des personnes avec chaque résultat
Percentile par nombre de réponses
Votre historique - résultats
Vous n’avez pas pris ce quiz